| 000 | 00000nam 2200000za 4500 |
| 001 | 9.801739 |
| 003 | CaOODSP |
| 005 | 20221107134845 |
| 007 | cr ||||||||||| |
| 008 | 160526s2016 quc ob f000 0 eng d |
| 020 | |a978-0-660-02775-3 |
| 040 | |aCaOODSP|beng |
| 043 | |an-cn--- |
| 086 | 1 |aEn14-231/2015E-PDF |
| 245 | 00|aScreening assessment report - ethylbenzene |h[electronic resource] : |bChemical Abstracts Service Registry Number 100-41-4. |
| 246 | 17|aScreening assessment report : CAS RN 100-41-1 |
| 246 | 30|aEthylbenzene : Chemical Abstracts Service Registry Number 100-41-4 |
| 260 | |a[Gatineau, Quebec] : |bEnvironment and Climate Change Canada, |bHealth Canada, |cc2016. |
| 300 | |av, 133 p. |
| 500 | |aIssued also in French under title: Rapport d’évaluation préalable – éthylbenzène : numéro de registre du Chemical Abstracts Service 100-41-4. |
| 500 | |a"April 2016.” |
| 504 | |aIncludes bibliographical references (p. 70-98). |
| 692 | 07|2gccst|aChemicals |
| 692 | 07|2gccst|aToxicology |
| 710 | 1 |aCanada. |bHealth Canada. |
| 710 | 1 |aCanada. |bEnvironment and Climate Change Canada. |
| 775 | 08|tRapport d'évaluation préalable - éthylbenzène |w(CaOODSP)9.801741 |
| 856 | 40|qPDF|s910 KB|uhttps://publications.gc.ca/collections/collection_2016/eccc/En14-231-2015-eng.pdf |